<?xml version="1.0" encoding="UTF-8"?>
<record
    xmlns:xsi="http://www.w3.org/2001/XMLSchema-instance"
    xsi:schemaLocation="http://www.loc.gov/MARC21/slim http://www.loc.gov/standards/marcxml/schema/MARC21slim.xsd"
    xmlns="http://www.loc.gov/MARC21/slim">

  <leader>01793    a2200241   4500</leader>
  <controlfield tag="001">25</controlfield>
  <controlfield tag="005">20260407155403.0</controlfield>
  <controlfield tag="008">260407a1988    arg                 spa d</controlfield>
  <controlfield tag="003">AR-UNSa-BCEJYS</controlfield>
  <datafield tag="040" ind1=" " ind2=" ">
    <subfield code="a">AR-UNSa-BCEJYS</subfield>
    <subfield code="b">spa</subfield>
    <subfield code="c">AR-UNSa-BCEJYS</subfield>
  </datafield>
  <datafield tag="080" ind1=" " ind2=" ">
    <subfield code="a">336.14</subfield>
    <subfield code="x">Presupuesto p&#xFA;blico. Presupuesto nacional</subfield>
  </datafield>
  <datafield tag="245" ind1="1" ind2="0">
    <subfield code="a">Aspectos del presupuesto p&#xFA;blico</subfield>
  </datafield>
  <datafield tag="020" ind1=" " ind2=" ">
    <subfield code="a">1-557-75014-9</subfield>
  </datafield>
  <datafield tag="264" ind1=" " ind2="1">
    <subfield code="a">Washington :</subfield>
    <subfield code="b">Fondo Monetario Internacional</subfield>
    <subfield code="c">1988</subfield>
  </datafield>
  <datafield tag="300" ind1=" " ind2=" ">
    <subfield code="a">x, 285 p.</subfield>
    <subfield code="c">23 cm.</subfield>
  </datafield>
  <datafield tag="505" ind1=" " ind2=" ">
    <subfield code="a">1. Introducci&#xF3;n - 2. Par&#xE1;metros de pol&#xED;tica fiscal en la formulaci&#xF3;n de presupuestos - 3. El crecimiento del gasto p&#xFA;blico: repaso del an&#xE1;lisis cuantitativo - 4. Temas recurrentes eb materia de elaboraci&#xF3;n del presupuesto - 5. Deuda p&#xFA;blica, inflaci&#xF3;n y d&#xE9;ficit fiscal - 6. Programaci&#xF3;n financiera y proyecciones de los gastos p&#xFA;blicos - 7. El control del gasto: cuestiones pol&#xED;ticas, institucionales y operativas - 8. Cuestiones econ&#xF3;micas en los programas de cr&#xE9;dito oficial - 9. Ense&#xF1;anzas que deben recoger los PRI y los PMD de los resultados obtenidos por las democracias industrializadas en materia presupuestaria - 10. El presupuesto en condiciones de inflaci&#xF3;n - 11. La ejecuci&#xF3;n del presupuesto y el manejo de caja - 12. Contabilidad gubernamental y sistemas de informaci&#xF3;n financiera - 13. Gesti&#xF3;n de la deuda p&#xFA;blica interna y externa - 14. El Estado y las empresas p&#xFA;blicas: relaciones presupuestarias - 15. Financiamiento de las empresas p&#xFA;blicas </subfield>
  </datafield>
  <datafield tag="041" ind1=" " ind2=" ">
    <subfield code="a">spa</subfield>
  </datafield>
  <datafield tag="942" ind1=" " ind2=" ">
    <subfield code="c">BK</subfield>
  </datafield>
  <datafield tag="590" ind1=" " ind2=" ">
    <subfield code="a">niveau_biblio:m niveau_hierar:0</subfield>
  </datafield>
  <datafield tag="100" ind1="1" ind2=" ">
    <subfield code="a">Antonaya, A. L.</subfield>
  </datafield>
  <datafield tag="700" ind1="1" ind2=" ">
    <subfield code="a">Premchand, A.</subfield>
  </datafield>
  <datafield tag="856" ind1="4" ind2="1">
    <subfield code="u">https://biblioeco.unsa.edu.ar/pmb/images/libros/Aspectos del presupuesto p?blico  Premchand, A. ; Antonaya, A. L. (1988).jpg</subfield>
    <subfield code="y">Imagen de portada</subfield>
    <subfield code="q">image/jpeg</subfield>
  </datafield>
  <datafield tag="999" ind1=" " ind2=" ">
    <subfield code="c">20</subfield>
    <subfield code="d">20</subfield>
  </datafield>
  <datafield tag="952" ind1=" " ind2=" ">
    <subfield code="0">0</subfield>
    <subfield code="1">0</subfield>
    <subfield code="4">0</subfield>
    <subfield code="7">0</subfield>
    <subfield code="a">BCEJYS</subfield>
    <subfield code="b">BCEJYS</subfield>
    <subfield code="c">16</subfield>
    <subfield code="d">2026-04-07</subfield>
    <subfield code="l">0</subfield>
    <subfield code="o">336.14 P925</subfield>
    <subfield code="p">L116188</subfield>
    <subfield code="r">2026-04-07 15:54:03</subfield>
    <subfield code="w">2026-04-07</subfield>
    <subfield code="y">L</subfield>
  </datafield>
</record>
